000 00672nam a2200241 i 4500
001 C2-0086362
003 PPAK
005 20180727090948.0
008 970503s1982 maua|||| ||||| | eng d
020 _a0521246113
040 _aPPAK
_beng
_cPPAK
_erda
082 0 4 _a581.0321
_223
090 0 0 _a581.0321
_bPOP
_dR
245 0 0 _aPopular encyclopedia of plants
250 _aHeywood, V.H.
264 1 _aCambridge :
_bCambridge University Press ,
_c1982
300 _a186 pages :
_bcolour illustrations ;
_c29 cm
336 _2rdacontent
_atext
337 _2rdamedia
_aunmediated
338 _2rdacarrier
_avolume
650 1 0 _aBotany - Dictionaries
942 _ddc
_cB
999 _c17649
_d17649